01309nab a2200217 i 4500001000400000003000400004005001700008008003900025040000800064080001700072100013800089245016700227260001000394500002100404520037600425650001900801650002700820650002900847700015300876773006201029BPPBPK20190610114320.0150414s1984 pl n f |000 0pol cBPK a621.791/.795 aMOSZUMAŃSKI, Jan.d1975 - 1996.bWyższa Szkoła Inżynierska w Koszalinie - Instytut Techniki Wytwarzania,cZakład Spawalnictwa aZastosowanie metod matematyczno-doświadczalnych do optymalizacji napawania elektrowibracyjnego /cJan Moszumański, Włodzimierz Kurcek, Bogusław Powiłajtis. c1984. aDane z autopsji. aMetoda i kryterium optymalizacji procesu napawania elektrowibracyjnego, uwzględniające minimalną szerokość SWC. Opis stanowiska badawczego. Charakterystyka procedury programu optymalizacyjnego. Wyniki pomiarów twardości wykonywanych próbek. Określenie optymalnych parametrów napawania elektrowibracyjnego i zmian strukturalnych w materiale podłoża. 0aOptymalizacja. 0aNapawanie spawalnicze. 0aInżynieria powierzchni aKURCEK, Włodzimierz.d1980 - 1984.bWyższa Szkoła Inżynierska w Koszalinie - Instytut Konstrukcji i Eksploatacji Maszyn,cZakład Spawalnictwa iW:tPrzegląd Spawalnictwa. -gR. 36, 1984, nr 8, s. 4-7